| 000 | 00000nam##2200000za#4500 |
| 001 | 9.530317 |
| 003 | CaOODSP |
| 005 | 20200327071320 |
| 007 | ta |
| 008 | 150406|1998||||xxc||||| f|0| 0 fre|d |
| 020 | |a0-660-60465-5 |
| 040 | |aCaOODSP|bfre |
| 041 | |aeng |
| 041 | |afre |
| 043 | |an-cn--- |
| 086 | 1 |aBT31-2/1999-III-30 |
| 110 | 1 |aCanada. |bConseil du trésor. |
| 245 | 10|aConseil de recherches médicales du Canada |
| 260 | |aOttawa - Ontario : |bSecrétariat du Conseil du Trésor du Canada |c1998. |
| 300 | |aTexte français, 43p. : |bgraphiques, organigramme, tableaux ; |c28 cm. |
| 490 | 1 |aBudget des dépenses 1998-1999, partie III: Rapport sur les plans et les priorités |
| 546 | |aBilingue |
| 563 | |aCouverture souple |
| 590 | |a98-14|b1998-04-03 |
| 776 | 0#|tMedical Research Council of Canada, report on plans and priorities for fiscal year 1998-99 |w(CaOODSP)9.567639 |
| 776 | 0#|tConseil de recherches médicales du Canada, rapport sur les plans et les priorités pour l'exercice financier 1998-1999 |w(CaOODSP)9.598969 |
| 791 | |tMedical Research Council of Canada |eeng|w(CaOODSP)9.530316 |
| 830 | #0|aBudget des dépenses 1998-1999, partie III: Rapport sur les plans et les priorités.|w(CaOODSP)9.508961 |